| 000 | 00394nam a22001217a 4500 | ||
|---|---|---|---|
| 082 |
_a341 _bMOI |
||
| 100 | _aMoini, Saiyyad Muhammad Saleem | ||
| 245 |
_aInternational Law: _bas applied construction contracts in Middle East / _cSaiyyad Muhammad Saleem Moini |
||
| 260 |
_aKarachi : _bPakistan Writers Co-Operative Society _c1995. |
||
| 300 | _a451 p. | ||
| 563 | _aHB. | ||
| 942 |
_2ddc _cBK |
||
| 999 |
_c613684 _d613684 |
||